| 000 | 01215cam a2200169ua 4500 | ||
|---|---|---|---|
| 020 | _c2.00 | ||
| 041 |
_amal _h |
||
| 082 |
_a413.028 _bSAH/NI |
||
| 110 | 1 |
_aSahitya Pravarthaka Co operative Society Limited . _bSPCS _c(Kottayam, Kerala ) |
|
| 245 |
_aNighantu nirmanam / _cSahithya Pravarthaka Sahakarana Sangham Limited. _hTextual Documents |
||
| 260 |
_aKottayam : _bSahitya Pravarthaka Co-operative Society , _c1966. |
||
| 300 | _a ; . | ||
| 365 | _a2.00 | ||
| 504 | _a | ||
| 942 | _cBK | ||
| 999 |
_c4685 _d4685 |
||